El tiempo en el cumplimiento de las obligaciones / (Registro nro. 40396)

Detalles MARC
000 -LEADER
campo de control de longitud fija 00545nam a2200157 i 4500
001 - NÚMERO DE CONTROL
campo de control 40396
003 - IDENTIFICADOR DE NÚMERO DE CONTROL
campo de control ES-MaACL
007 - CAMPO FIJO DE DESCRIPCIÓN FÍSICA--INFORMACIÓN GENERAL
campo de control de longitud fija t|
008 - DATOS DE LONGITUD FIJA--INFORMACIÓN GENERAL
campo de control de longitud fija 030306s1979 sp ||||1| spa d
100 1# - ENTRADA PRINCIPAL--NOMBRE DE PERSONA
Nombre de persona Cardenal Fernández, Jesús.
9 (RLIN) 35133
245 13 - MENCIÓN DEL TÍTULO
Título El tiempo en el cumplimiento de las obligaciones /
Mención de responsabilidad, etc. Jesús Cardenal Fernández ; [prólogo Francisco de Asís Sancho Rebullida].
260 ## - PUBLICACIÓN, DISTRIBUCIÓN, ETC.
Lugar de publicación, distribución, etc. Madrid :
Nombre del editor, distribuidor, etc. Montecorvo,
Fecha de publicación, distribución, etc. 1979.
300 ## - DESCRIPCIÓN FÍSICA
Extensión 414 p. ;
Dimensiones 24 cm.
700 1# - ENTRADA AGREGADA--NOMBRE PERSONAL
Nombre de persona Sancho Rebullida, Francisco de Asís.
9 (RLIN) 103051
852 ## - LOCALIZACIÓN
Ubicación ES-MaACL
Número de control de estantería L-78
Sublocalización o colección R.100615
Existencias
Estatus retirado Estado de pérdida Estado de daño No para préstamo Biblioteca de origen Biblioteca actual Ubicación en estantería Fecha de adquisición Fuente de adquisición Total de préstamos Signatura topográfica completa Código de barras Visto por última vez Precio de reemplazo Tipo de ítem Koha
        Biblioteca del Ateneo de Madrid Biblioteca del Ateneo de Madrid Depósito 2 17/01/2008     L-78 1042527 23/02/2023 23/02/2023 Libro impreso